[Event "EOBCC 2020"]
[Site "Online"]
[Date "2020.12.18"]
[Round "2.128"]
[White "Babazada, Khazar"]
[Black "Vitenberg, Noam Aviv"]
[Result "1-0"]
[WhiteElo "2409"]
[BlackElo "2320"]
[PlyCount "169"]
[EventDate "2020.12.18"]
[EventType "tourn"]
[EventCountry "NET"]

1. e4 Nf6 2. e5 Nd5 3. d4 d6 4. c4 Nb6 5. exd6 exd6 6. Nc3 Be7 7. Be3 O-O 8. Bd3 Nc6 9. Nge2 Bg4 10. O-O Nb4 11. h3 Bh5 12. b3 Nxd3 13. Qxd3 Bg6 14. Qd2 Re8 15. Nf4 Bf5 16. Rfe1 Bg5 17. Rad1 Qd7 18. Nfd5 Bd8 19. Bg5 f6 20. Bf4 Be6 21. Ne3 Bf7 22. Bg3 Be7 23. a4 a5 24. Qe2 Bf8 25. Qf3 c6 26. Nf5 Bg6 27. Ne3 Qf7 28. d5 c5 29. Bh2 Nd7 30. Nb5 Ne5 31. Qe2 f5 32. Qd2 f4 33. Ng4 Nxg4 34. hxg4 f3 35. Qf4 fxg2 36. Qxf7+ Kxf7 37. Bxd6 Bc2 38. Rc1 Bxb3 39. Bxf8 Kxf8 40. Kxg2 Bxa4 41. Nc7 Rxe1 42. Rxe1 Rc8 43. Ne6+ Kf7 44. Rb1 Rb8 45. Nxc5 Bc2 46. Rb2 Bd1 47. f3 a4 48. Rd2 Bb3 49. Nxb3 axb3 50. Rb2 Rc8 51. Rxb3 Rxc4 52. Rxb7+ Kf6 53. Rb6+ Kg5 54. Rb7 Kg6 55. Kg3 Rd4 56. Rd7 Kf6 57. Kf2 Kg6 58. Ke3 Rd1 59. Kf4 Kf6 60. Rd6+ Ke7 61. Re6+ Kf7 62. Re5 Kf6 63. Rf5+ Ke7 64. Ke4 g6 65. Re5+ Kd7 66. Kf4 Kd6 67. Re8 Kd7 68. Rh8 Rh1 69. Kg5 Ke7 70. Ra8 Kd6 71. Rd8+ Ke7 72. Ra8 Kd6 73. Ra5 Rf1 74. f4 Rg1 75. Rb5 Rg2 76. Rb7 h5 77. Kxg6 Rxg4+ 78. Kf5 Kxd5 79. Rh7 Rh4 80. Kg5 Rh1 81. Rxh5 Rf1 82. Rh6 Rg1+ 83. Kf5 Rg8 84. Ra6 Rf8+ 85. Kg5 1-0

[Event "EOBCC 2020"]
[Site "Online"]
[Date "2020.12.18"]
[Round "2.129"]
[White "Gavrilescu, David"]
[Black "Rabatin, Jakub"]
[Result "1-0"]
[WhiteElo "2476"]
[BlackElo "2316"]
[PlyCount "53"]
[EventDate "2020.12.18"]
[EventType "tourn"]
[EventCountry "NET"]

1. e4 c5 2. Nf3 d6 3. d4 cxd4 4. Nxd4 Nf6 5. Nc3 a6 6. g3 e5 7. Nf3 Be7 8. Nh4 O-O 9. a4 b6 10. Bg2 Bg4 11. Qd2 Nc6 12. Nf5 Rc8 13. O-O Bxf5 14. exf5 Nd4 15. Qd3 Qd7 16. Bh3 Qc6 17. f3 Qc4 18. Qd1 Rfd8 19. Bg5 d5 20. Re1 e4 21. Bf1 Qb4 22. fxe4 dxe4 23. Bxf6 Bxf6 24. Nxe4 Qxe1 25. Nxf6+ gxf6 26. Qg4+ Kf8 27. Rxe1 1-0

[Event "EOBCC 2020"]
[Site "Online"]
[Date "2020.12.18"]
[Round "2.131"]
[White "Pasko, Llambi"]
[Black "Ivlev, Aleksey"]
[Result "0-1"]
[WhiteElo "2403"]
[BlackElo "2315"]
[PlyCount "116"]
[EventDate "2020.12.18"]
[EventType "tourn"]
[EventCountry "NET"]

1. d4 Nf6 2. c4 e6 3. Nf3 d5 4. Nc3 c6 5. e3 Nbd7 6. Bd3 dxc4 7. Bxc4 b5 8. Bd3 a6 9. O-O c5 10. Qe2 Bb7 11. Rd1 Bd6 12. b3 O-O 13. Bb2 Rc8 14. Rac1 Qe7 15. Bb1 Rfd8 16. e4 e5 17. dxe5 Nxe5 18. Nd5 Nxd5 19. exd5 Nxf3+ 20. Qxf3 Re8 21. h3 Qe2 22. Qf5 Qxb2 23. Qxh7+ Kf8 24. Re1 g6 25. Bxg6 fxg6 26. Qxb7 Qf6 27. Re6 Rxe6 28. dxe6 Qxe6 29. Rd1 Re8 30. g3 Be7 31. Rd3 Qxh3 32. Rf3+ Kg7 33. Re3 Kf8 34. Rf3+ Kg8 35. Qd5+ Kh8 36. Qf7 Rf8 37. Qd5 Rxf3 38. Qxf3 Qe6 39. Qb7 c4 40. bxc4 bxc4 41. Qc7 Kg7 42. a4 Kf6 43. Qf4+ Kg7 44. Qc7 Kf7 45. Qf4+ Bf6 46. Qc7+ Kg8 47. Qb8+ Kg7 48. Qc7+ Kh6 49. Qf4+ g5 50. Qc7 Be5 51. Qd8 c3 52. Qd3 Qg6 53. Qe3 c2 54. Kg2 Qc6+ 55. f3 c1=Q 56. Qxe5 Q6c2+ 57. Kh3 Qh1+ 58. Kg4 Qh5# 0-1

[Event "EOBCC 2020"]
[Site "Online"]
[Date "2020.12.18"]
[Round "2.132"]
[White "Ongut, Tamas Gunes"]
[Black "Sargsyan, Anna M."]
[Result "1-0"]
[WhiteElo "2332"]
[BlackElo "2402"]
[PlyCount "135"]
[EventDate "2020.12.18"]
[EventType "tourn"]
[EventCountry "NET"]

1. d4 d5 2. c4 c6 3. Nf3 Nf6 4. Nc3 dxc4 5. e4 b5 6. e5 Nd5 7. Be2 e6 8. a4 Bb7 9. O-O Be7 10. Nxd5 Qxd5 11. Ng5 h6 12. Bf3 Qd7 13. Ne4 O-O 14. b3 cxb3 15. Qxb3 Na6 16. Be3 Nc7 17. axb5 cxb5 18. Nc5 Bxc5 19. Bxb7 Rab8 20. Be4 Bb6 21. Bc2 Rfd8 22. Rfd1 Nd5 23. Qd3 f5 24. exf6 Nxf6 25. Bf4 Qxd4 26. Qxd4 Bxd4 27. Bxb8 Rxb8 28. Rxd4 Rc8 29. Bb3 Rc7 30. Bxe6+ Kh7 31. h3 Kg6 32. Rb4 Rb7 33. Ra6 Kh7 34. Bf5+ Kg8 35. Bd3 Rd7 36. Bxb5 Rd1+ 37. Kh2 Kh7 38. Rxa7 Kg6 39. Bc4 Rc1 40. Bb3 h5 41. Rbb7 h4 42. Rxg7+ Kf5 43. Raf7 Rc3 44. Bd1 Ke6 45. Bg4+ Nxg4+ 46. hxg4 h3 47. Rf3 Rc1 48. Rxh3 Kf6 49. Ra7 Kg5 50. f3 Kf4 51. Ra4+ Ke3 52. Rh6 Kf2 53. Rf6 Kf1 54. g5 Rc2 55. Kg3 Rxg2+ 56. Kf4 Kg1 57. Ra1+ Kh2 58. g6 Kh3 59. Rf5 Rxg6 60. Rh5+ Kg2 61. Ra2+ Kg1 62. Rg5+ Rxg5 63. Kxg5 Kf1 64. f4 Ke1 65. f5 Kd1 66. f6 Kc1 67. Rf2 Kb1 68. f7 1-0

[Event "EOBCC 2020"]
[Site "Online"]
[Date "2020.12.18"]
[Round "2.133"]
[White "Grunberg, Mihai-Lucian"]
[Black "Brozyna, Mateusz"]
[Result "1-0"]
[WhiteElo "2401"]
[BlackElo "2312"]
[PlyCount "69"]
[EventDate "2020.12.18"]
[EventType "tourn"]
[EventCountry "NET"]

1. Nf3 Nf6 2. c4 c6 3. g3 d5 4. Bg2 Bf5 5. O-O e6 6. d3 Nbd7 7. cxd5 cxd5 8. Nc3 h6 9. Qb3 Qb6 10. Qxb6 Nxb6 11. Nd4 Bg6 12. e4 a6 13. a4 e5 14. Nf3 d4 15. Ne2 Bd6 16. Nh4 Bh7 17. f4 Nfd7 18. a5 Nc8 19. Nf5 Bxf5 20. exf5 Rb8 21. fxe5 Nxe5 22. f6 gxf6 23. Rxf6 Ke7 24. Rxh6 Rxh6 25. Bxh6 Nxd3 26. Nxd4 Bc5 27. Be3 Nxb2 28. Nf5+ Kf6 29. Bxc5 Kxf5 30. Rf1+ Kg6 31. Be4+ Kh6 32. Be3+ Kh5 33. Rf5+ Kg4 34. Rg5+ Kh3 35. Bf5# 1-0

[Event "EOBCC 2020"]
[Site "Online"]
[Date "2020.12.18"]
[Round "2.134"]
[White "Kanakaris, Georgios"]
[Black "Antonov, Alexandr"]
[Result "0-1"]
[WhiteElo "2400"]
[BlackElo "2309"]
[PlyCount "74"]
[EventDate "2020.12.18"]
[EventType "tourn"]
[EventCountry "NET"]

1. e4 c5 2. Nf3 d6 3. b3 e5 4. Bc4 Nc6 5. Bb2 Nf6 6. Nc3 Be7 7. h3 O-O 8. d3 Be6 9. O-O a6 10. a4 Rb8 11. Bxe6 fxe6 12. Ng5 Qd7 13. f4 exf4 14. Rxf4 h6 15. Nf3 e5 16. Rf5 g6 17. Rxf6 Bxf6 18. Nd5 Nd4 19. Bc1 Kg7 20. Nh2 h5 21. c3 Nc6 22. Qd2 Rh8 23. Nf3 Ne7 24. Nxf6 Kxf6 25. Qg5+ Kg7 26. Nh4 Rbf8 27. Be3 Qe6 28. b4 Qf6 29. Qg3 cxb4 30. cxb4 d5 31. Bg5 Qb6+ 32. Kh1 Rf7 33. Qxe5+ Kh7 34. a5 Qc6 35. exd5 Nxd5 36. Rd1 Qd7 37. Qd4 Re8 0-1

[Event "EOBCC 2020"]
[Site "Online"]
[Date "2020.12.18"]
[Round "2.135"]
[White "Mamedjarova, Turkan"]
[Black "Piesik, Piotr"]
[Result "0-1"]
[WhiteElo "2309"]
[BlackElo "2400"]
[PlyCount "100"]
[EventDate "2020.12.18"]
[EventType "tourn"]
[EventCountry "NET"]

1. d4 c5 2. d5 e5 3. c4 d6 4. Nc3 Be7 5. e4 Bg5 6. Nf3 Bxc1 7. Qxc1 Ne7 8. h4 O-O 9. Bd3 h6 10. h5 f5 11. Nh4 fxe4 12. Bxe4 Nd7 13. Ng6 Nxg6 14. Bxg6 Nf6 15. Qc2 a6 16. Bf5 Kh8 17. Bxc8 Qxc8 18. O-O-O Qg4 19. f3 Qxc4 20. b3 Qf4+ 21. Kb2 b5 22. Ne2 Qg5 23. Nc3 b4 24. Na4 Rab8 25. g4 Nd7 26. Qe2 Ra8 27. Rhf1 Rf4 28. Ka1 Qf6 29. Nb2 a5 30. Kb1 Rf8 31. Qb5 Qe7 32. Qd3 Nf6 33. Nc4 Rd4 34. Qe3 Nxd5 35. Qc1 Nc3+ 36. Ka1 Nxd1 37. Rxd1 Rxf3 38. Rg1 Rdf4 39. g5 hxg5 40. Qe1 Qf6 41. Nd2 Rd3 42. Ne4 Qf5 43. Nxg5 e4 44. h6 gxh6 45. Nxe4 Rxe4 46. Qc1 Qf6+ 47. Kb1 Rde3 48. Rf1 Qe6 49. Qb2+ Qe5 50. Qf2 Re1+ 0-1

[Event "EOBCC 2020"]
[Site "Online"]
[Date "2020.12.18"]
[Round "2.139"]
[White "Tsvetkov, Andrey"]
[Black "Malicka, Maria"]
[Result "1-0"]
[WhiteElo "2395"]
[BlackElo "2291"]
[PlyCount "45"]
[EventDate "2020.12.18"]
[EventType "tourn"]
[EventCountry "NET"]

1. d4 Nf6 2. c4 e6 3. Nc3 Bb4 4. f3 c5 5. d5 b5 6. e4 O-O 7. Nh3 bxc4 8. Bxc4 Nxd5 9. Bxd5 exd5 10. Qxd5 Ba6 11. Bf4 Nc6 12. Kf2 Qb6 13. Rhd1 Nd4 14. Rab1 Bb7 15. Qd6 Qxd6 16. Bxd6 Rfc8 17. Nf4 f6 18. Ncd5 Kf7 19. Nxb4 cxb4 20. Rxd4 Rc2+ 21. Kg1 Rac8 22. Bxb4 g5 23. Rxd7+ 1-0

[Event "EOBCC 2020"]
[Site "Online"]
[Date "2020.12.18"]
[Round "2.140"]
[White "Sukovic, Andrej"]
[Black "Vedrickas, Tautvydas"]
[Result "0-1"]
[WhiteElo "2282"]
[BlackElo "2395"]
[PlyCount "72"]
[EventDate "2020.12.18"]
[EventType "tourn"]
[EventCountry "NET"]

1. e4 c5 2. Nf3 d6 3. d4 cxd4 4. Nxd4 Nf6 5. Nc3 a6 6. Bc4 e6 7. Bb3 Nbd7 8. f4 Nc5 9. f5 Be7 10. Qf3 Qc7 11. Be3 b5 12. a3 e5 13. Nde2 Nxb3 14. cxb3 Bb7 15. Rc1 Qd7 16. Rd1 h5 17. h3 h4 18. O-O Rc8 19. Bg5 Nxe4 20. Nxe4 Bxe4 21. Qxe4 Bxg5 22. Nc3 O-O 23. Kh1 Rc5 24. Nd5 f6 25. Nc3 Rd8 26. Rd5 Qf7 27. Rfd1 Rxd5 28. Rxd5 Qh5 29. Qd3 Bf4 30. Ne4 Qxf5 31. b4 Rc8 32. Nc5 Qxd3 33. Nxd3 Bg3 34. Kg1 e4 35. Nf2 Rc2 36. Nd1 Re2 0-1

[Event "EOBCC 2020"]
[Site "Online"]
[Date "2020.12.18"]
[Round "2.141"]
[White "Havlik, Jan"]
[Black "Hirneise, Jens"]
[Result "1-0"]
[WhiteElo "2393"]
[BlackElo "2289"]
[PlyCount "99"]
[EventDate "2020.12.18"]
[EventType "tourn"]
[EventCountry "NET"]

1. e4 e6 2. d3 c5 3. Nd2 Nc6 4. Ngf3 d6 5. g3 g6 6. Bg2 Bg7 7. O-O Nge7 8. c3 O-O 9. a4 e5 10. Nc4 h6 11. b4 Be6 12. b5 Na5 13. Ne3 a6 14. c4 axb5 15. axb5 b6 16. Bd2 Nb7 17. Qb3 Qc7 18. Bc3 Rfb8 19. Rfb1 Nc8 20. Nh4 Nd8 21. f4 Rxa1 22. Rxa1 exf4 23. gxf4 Qe7 24. Nf3 f5 25. exf5 gxf5 26. Re1 Qf7 27. Bxg7 Qxg7 28. Kh1 Ne7 29. Bh3 Kh8 30. Rg1 Qf6 31. Nh4 Nf7 32. Nhxf5 Nxf5 33. Bxf5 Bxf5 34. Nxf5 Qxf5 35. Qb2+ Ne5 36. fxe5 Qf3+ 37. Qg2 Qxg2+ 38. Rxg2 dxe5 39. Rg6 Kh7 40. Rd6 Kg7 41. Kg2 Kf7 42. Rxh6 Rd8 43. Rxb6 Rxd3 44. Rc6 Ke7 45. Rxc5 Ke6 46. b6 Rb3 47. Rb5 Rxb5 48. cxb5 Kd7 49. h4 Kc8 50. h5 1-0

[Event "EOBCC 2020"]
[Site "Online"]
[Date "2020.12.18"]
[Round "2.142"]
[White "Muller, Anthony"]
[Black "Neuman, Petr"]
[Result "1/2-1/2"]
[WhiteElo "2269"]
[BlackElo "2393"]
[PlyCount "125"]
[EventDate "2020.12.18"]
[EventType "tourn"]
[EventCountry "NET"]

1. d4 d6 2. c4 Nf6 3. Nc3 g6 4. e4 Bg7 5. Nf3 O-O 6. Be2 e5 7. O-O Na6 8. d5 Nc5 9. Qc2 a5 10. Bg5 h6 11. Be3 Ng4 12. Bxc5 dxc5 13. h3 Nf6 14. Nd2 Ne8 15. a3 Nd6 16. Rab1 b6 17. b4 axb4 18. axb4 cxb4 19. Rxb4 Bd7 20. Rbb1 Qe7 21. Ra1 h5 22. Nb5 Bxb5 23. cxb5 Bh6 24. Nf3 Nb7 25. Qc3 f6 26. Rfd1 Nc5 27. Ne1 Rfd8 28. Bf3 Bf8 29. Nd3 Nxd3 30. Qxd3 Qh7 31. Qc3 Bc5 32. Rxa8 Rxa8 33. Ra1 Rxa1+ 34. Qxa1 Qe7 35. Qa8+ Kg7 36. Qc6 Bd6 37. g3 h4 38. Kg2 hxg3 39. fxg3 Qd8 40. h4 f5 41. Qc2 Qf6 42. Be2 f4 43. Bf3 fxg3 44. Qd2 Qf4 45. Qxf4 exf4 46. Kh3 Kf6 47. Kg2 Ke5 48. Kh3 Be7 49. Kg4 Bf6 50. Bg2 Be7 51. Bf3 Bd6 52. Bg2 Kd4 53. Kf3 Be5 54. Bf1 Kc3 55. Bg2 Kd2 56. Bf1 Ke1 57. Bg2 Bd6 58. Bh3 Kd2 59. Bg2 Kd3 60. Bf1+ Kd4 61. Bg2 Ke5 62. Kg4 Be7 63. Bf3 1/2-1/2

[Event "EOBCC 2020"]
[Site "Online"]
[Date "2020.12.18"]
[Round "2.143"]
[White "Storme, Isak"]
[Black "Walter, Szymon"]
[Result "1/2-1/2"]
[WhiteElo "2392"]
[BlackElo "2281"]
[PlyCount "122"]
[EventDate "2020.12.18"]
[EventType "tourn"]
[EventCountry "NET"]

1. e4 c5 2. Nf3 e6 3. d4 cxd4 4. Nxd4 Nc6 5. Nc3 Nf6 6. Ndb5 Bb4 7. a3 Bxc3+ 8. Nxc3 d5 9. exd5 exd5 10. Bd3 O-O 11. O-O d4 12. Ne4 Bf5 13. Bg5 Bxe4 14. Bxe4 Qd6 15. Bd3 Rae8 16. Qf3 Ne5 17. Qg3 h6 18. Bxf6 Qxf6 19. Rae1 Re7 20. Re4 Rfe8 21. Rfe1 g6 22. h3 Kg7 23. Kh2 Nc6 24. Rxe7 Rxe7 25. Rxe7 Qxe7 26. Qf4 f5 27. Kg3 Qe5 28. h4 Kf6 29. Qxe5+ Nxe5 30. Be2 g5 31. hxg5+ hxg5 32. f4 Ng6 33. fxg5+ Kxg5 34. Kf3 Nh4+ 35. Kf2 Ng6 36. g3 f4 37. gxf4+ Kxf4 38. Bd3 Ne5 39. Ke2 Nd7 40. Kd2 Ke5 41. c3 Nc5 42. Bh7 Kd5 43. Bg8+ Ke5 44. cxd4+ Kxd4 45. Kc2 b6 46. b4 Nd7 47. Kb3 a5 48. bxa5 bxa5 49. Ka4 Kc3 50. Kxa5 Kb2 51. Kb4 Nc5 52. Bc4 Nb7 53. a4 Kc2 54. Bd5 Nd6 55. a5 Kd3 56. Kc5 Nc8 57. Kc6 Kd4 58. Kb7 Kxd5 59. Kxc8 Kc6 60. a6 Kb6 61. a7 Kxa7 1/2-1/2

[Event "EOBCC 2020"]
[Site "Online"]
[Date "2020.12.18"]
[Round "2.145"]
[White "Megalios, Konstantinos"]
[Black "Polok, Kacper"]
[Result "1-0"]
[WhiteElo "2390"]
[BlackElo "2272"]
[PlyCount "65"]
[EventDate "2020.12.18"]
[EventType "tourn"]
[EventCountry "NET"]

1. d4 e6 2. g3 f5 3. Bg2 Nf6 4. Nd2 d5 5. Nh3 Bd6 6. c4 c6 7. O-O O-O 8. Nf4 Qe7 9. Nd3 b6 10. Qc2 Bb7 11. Nf3 Nbd7 12. Bf4 Bxf4 13. Nxf4 Rac8 14. cxd5 cxd5 15. Qa4 Bc6 16. Qb3 Ne4 17. Rfc1 Bb7 18. Qa4 a6 19. Nd3 Qd6 20. e3 h6 21. Bf1 g5 22. Nfe5 Nxe5 23. Nxe5 b5 24. Qd1 g4 25. Bd3 Ng5 26. h4 Nf7 27. Nxg4 Kh7 28. Nf6+ Kg6 29. Nh5 Kh7 30. Nf4 Rg8 31. Qh5 Rxc1+ 32. Rxc1 Bc8 33. Qxf7+ 1-0

[Event "EOBCC 2020"]
[Site "Online"]
[Date "2020.12.18"]
[Round "2.146"]
[White "Bashirli, Nail"]
[Black "Tarasova, Viktoriya"]
[Result "1-0"]
[WhiteElo "2382"]
[BlackElo "2226"]
[PlyCount "157"]
[EventDate "2020.12.18"]
[EventType "tourn"]
[EventCountry "NET"]

1. e4 e5 2. Nf3 Nc6 3. Nc3 Nf6 4. Bb5 Bc5 5. O-O d6 6. d4 exd4 7. Nxd4 Bd7 8. Nf5 O-O 9. Bg5 Bxf5 10. exf5 h6 11. Bh4 Nd4 12. Bd3 d5 13. Bxf6 gxf6 14. Qh5 Kh7 15. Rae1 Qd7 16. Re6 Be7 17. Qh4 Nc6 18. Rfe1 Rae8 19. R6e3 Rg8 20. Rh3 Bf8 21. Rxe8 Qxe8 22. Nxd5 Qe1+ 23. Bf1 Rg5 24. Nxf6+ Kg7 25. Nh5+ Kh7 26. Re3 Qd1 27. Nf6+ Kg7 28. Ne8+ Kh8 29. Rd3 Qxc2 30. Rg3 Qc1 31. Rxg5 Qxg5 32. Qxg5 hxg5 33. Nxc7 Nd4 34. Bd3 Bd6 35. Nd5 Kg7 36. g3 Be5 37. Kg2 Nc6 38. b3 Bd4 39. f4 gxf4 40. Nxf4 Nb4 41. Bb1 Kf6 42. Kf3 Bg1 43. h4 Nc6 44. Nh5+ Ke5 45. Nf4 Nd4+ 46. Kg4 Be3 47. Nd3+ Kf6 48. Nc5 b6 49. Nd7+ Kg7 50. f6+ Kg8 51. h5 Nb5 52. Ne5 Nc3 53. Bd3 Nxa2 54. Bc4 Bd4 55. Nxf7 Bxf6 56. Kf5 Ba1 57. h6 Kf8 58. h7 Nb4 59. h8=Q+ Bxh8 60. Nxh8 Nc6 61. g4 Kg7 62. Nf7 Nd4+ 63. Ke4 Nc6 64. Ne5 Ne7 65. g5 Kf8 66. g6 Kg7 67. Bf7 Kf6 68. Nd7+ Kg7 69. Kd3 Nxg6 70. Bxg6 Kxg6 71. Kc4 Kf7 72. Kb5 Ke7 73. Ne5 Kd6 74. Nc6 Kc7 75. Nxa7 Kb7 76. Nc6 Kc7 77. b4 Kb7 78. Nd4 Kc7 79. Ka6 1-0

[Event "EOBCC 2020"]
[Site "Online"]
[Date "2020.12.18"]
[Round "2.147"]
[White "Suder, Jakub"]
[Black "Mammadova, Gulnar"]
[Result "0-1"]
[WhiteElo "2239"]
[BlackElo "2382"]
[PlyCount "142"]
[EventDate "2020.12.18"]
[EventType "tourn"]
[EventCountry "NET"]

1. d4 g6 2. c4 Bg7 3. Nc3 d6 4. e4 e5 5. Be3 Nc6 6. d5 Nce7 7. Be2 f5 8. exf5 Nxf5 9. Nf3 Nf6 10. O-O O-O 11. Ng5 Qe7 12. Nge4 Nxe3 13. fxe3 Nxe4 14. Rxf8+ Bxf8 15. Nxe4 Bf5 16. Ng3 Qg5 17. Qb3 b6 18. Rf1 Bh6 19. e4 Bd7 20. Qd3 Qe3+ 21. Qxe3 Bxe3+ 22. Kh1 h5 23. Bd3 a5 24. Ne2 a4 25. Rf3 Bh6 26. h3 Kg7 27. Kg1 Rb8 28. Nc3 Bc1 29. Nd1 g5 30. Rf2 g4 31. Rc2 Bf4 32. hxg4 hxg4 33. Be2 Kg6 34. Rc3 Rf8 35. g3 Bd2 36. Rd3 Bg5 37. Kg2 Bh6 38. Ne3 Bxe3 39. Rxe3 Kg5 40. Bd1 Rb8 41. Rc3 Be8 42. Bc2 c5 43. Bd1 b5 44. cxb5 Rxb5 45. Rc2 Bg6 46. Re2 Rb4 47. Kf2 Bxe4 48. a3 Rd4 49. Bc2 Bxd5 50. Ke3 Bf3 51. Rd2 Rc4 52. Bd3 Rd4 53. Bc2 d5 54. Rxd4 exd4+ 55. Kd2 c4 56. Bxa4 Kf5 57. Bc6 Ke5 58. a4 Kd6 59. Be8 Kc7 60. Bb5 Kb6 61. Be8 Ka5 62. Bb5 Kb4 63. Bc6 c3+ 64. bxc3+ dxc3+ 65. Kc2 d4 66. Bd7 Be4+ 67. Kc1 d3 68. Bxg4 d2+ 69. Kd1 Kb3 70. Be6+ Kb2 71. Ke2 c2 0-1

[Event "EOBCC 2020"]
[Site "Online"]
[Date "2020.12.18"]
[Round "2.148"]
[White "Gevorgyan, Maria"]
[Black "Can, Isik"]
[Result "0-1"]
[WhiteElo "2228"]
[BlackElo "2380"]
[PlyCount "54"]
[EventDate "2020.12.18"]
[EventType "tourn"]
[EventCountry "NET"]

1. e4 c6 2. d4 d5 3. Nc3 dxe4 4. Nxe4 Bf5 5. Ng3 Bg6 6. h4 h6 7. Nh3 e6 8. Nf4 Bh7 9. c3 Nf6 10. Ngh5 Nbd7 11. Bd3 Bxd3 12. Qxd3 Qa5 13. Nxf6+ Nxf6 14. O-O Bd6 15. b4 Qc7 16. Qf3 O-O 17. Nd3 Nd5 18. Bd2 b5 19. Rae1 a5 20. a3 axb4 21. axb4 Ra2 22. Rd1 Rfa8 23. Rfe1 Rc2 24. Re4 Raa2 25. Bxh6 gxh6 26. Qh5 Nf6 27. Rg4+ Kh7 0-1

[Event "EOBCC 2020"]
[Site "Online"]
[Date "2020.12.18"]
[Round "2.149"]
[White "Dudin, Gleb"]
[Black "Fiedorek, Michal"]
[Result "1-0"]
[WhiteElo "2395"]
[BlackElo "2176"]
[PlyCount "65"]
[EventDate "2020.12.18"]
[EventType "tourn"]
[EventCountry "NET"]

1. d4 Nf6 2. c4 g6 3. Nc3 Bg7 4. e4 d6 5. Nf3 O-O 6. h3 e5 7. d5 a5 8. Be3 Na6 9. g4 Nc5 10. Nd2 Nfd7 11. h4 Nb6 12. h5 c6 13. Qf3 Bf6 14. Be2 a4 15. O-O-O a3 16. b3 Qe7 17. Rdg1 Bg5 18. Qh3 Bxe3 19. Qxe3 Bd7 20. g5 cxd5 21. exd5 Bf5 22. Rh4 Rac8 23. Rgh1 Rc7 24. Kd1 e4 25. Ncxe4 Nxe4 26. Nxe4 Bxe4 27. Rxe4 Qd7 28. Qxb6 Rcc8 29. Qe3 Qf5 30. Qf4 Qd7 31. Qf6 Rce8 32. h6 Rxe4 33. Qg7# 1-0

[Event "EOBCC 2020"]
[Site "Online"]
[Date "2020.12.18"]
[Round "2.150"]
[White "Balajayeva, Khanim"]
[Black "Dylag, Emilia"]
[Result "1-0"]
[WhiteElo "2376"]
[BlackElo "2082"]
[PlyCount "61"]
[EventDate "2020.12.18"]
[EventType "tourn"]
[EventCountry "NET"]

1. e4 c5 2. c3 Nf6 3. e5 Nd5 4. d4 cxd4 5. Nf3 Nc6 6. cxd4 d6 7. Bc4 dxe5 8. Nxe5 e6 9. O-O Be7 10. Nf3 O-O 11. Nc3 Nb6 12. Bb3 Bf6 13. Be3 Nb4 14. Ne4 N4d5 15. Bc2 Bd7 16. Qd3 g6 17. Nxf6+ Qxf6 18. Bg5 Qg7 19. Qd2 Rfc8 20. Rac1 Nc4 21. Qe2 h6 22. Be3 Bb5 23. Bd3 Ncxe3 24. fxe3 Bxd3 25. Qxd3 Qf8 26. Rxc8 Rxc8 27. Ne5 Rc7 28. Nxg6 Qg7 29. Nh4 Nb4 30. Qb5 Nd5 31. Qe2 1-0

[Event "EOBCC 2020"]
[Site "Online"]
[Date "2020.12.18"]
[Round "2.151"]
[White "Rudzinska, Michalina"]
[Black "Haring, Filip"]
[Result "0-1"]
[WhiteElo "2189"]
[BlackElo "2376"]
[PlyCount "110"]
[EventDate "2020.12.18"]
[EventType "tourn"]
[EventCountry "NET"]

1. e4 c5 2. Nf3 e6 3. d4 cxd4 4. Nxd4 a6 5. Bd3 Bc5 6. Nb3 Ba7 7. Qg4 Nf6 8. Qxg7 Rg8 9. Qh6 Bxf2+ 10. Kf1 Nc6 11. Bf4 d6 12. N1d2 e5 13. Be3 Rg6 14. Qxg6 fxg6 15. Bxf2 Ng4 16. Nf3 Nxf2 17. Kxf2 Be6 18. h4 Qf6 19. h5 O-O-O 20. hxg6 Qxg6 21. Rh2 Rg8 22. Rah1 h5 23. Nbd2 Nb4 24. Nf1 Nxa2 25. Ne3 Nb4 26. Rxh5 Qg3+ 27. Ke2 Qf4 28. R1h4 Qf7 29. Ng5 Qd7 30. Nxe6 Qxe6 31. Bc4 Rxg2+ 32. Nxg2 Qxc4+ 33. Kf3 Qf1+ 34. Kg3 Nxc2 35. Rh7 Kb8 36. Rg7 Nd4 37. Rhh7 Ne2+ 38. Kh4 Qh1+ 39. Kg5 Qxg2+ 40. Kf6 Qxe4 41. Ke7 Nd4 42. Rg8+ Ka7 43. Rhh8 Nc6+ 44. Kxd6 Kb6 45. Ke6 Qc4+ 46. Kf6 e4 47. Rg7 Qd4+ 48. Kg6 Ne5+ 49. Kf5 Nc6 50. Rhh7 Qe5+ 51. Kg4 e3 52. Rxb7+ Kc5 53. b4+ Kc4 54. Rbc7 Qe4+ 55. Kg3 e2 0-1

[Event "EOBCC 2020"]
[Site "Online"]
[Date "2020.12.18"]
[Round "2.153"]
[White "Seul, Georg"]
[Black "Parol, Pola"]
[Result "1-0"]
[WhiteElo "2372"]
[BlackElo "2069"]
[PlyCount "59"]
[EventDate "2020.12.18"]
[EventType "tourn"]
[EventCountry "NET"]

1. e4 c5 2. d3 Nc6 3. f4 g6 4. Nf3 Bg7 5. Be2 e6 6. O-O Nge7 7. c3 d5 8. Na3 O-O 9. e5 a6 10. d4 cxd4 11. cxd4 Qb6 12. Nc2 f6 13. Kh1 fxe5 14. fxe5 Nf5 15. b3 a5 16. Qd2 Nb4 17. Nxb4 axb4 18. g4 Bh6 19. Qd3 Bxc1 20. Raxc1 Ne7 21. Rc2 Bd7 22. Qe3 Kg7 23. Bd3 Bb5 24. Bxb5 Qxb5 25. Rcf2 Qb6 26. Ng5 h6 27. Rf7+ Kg8 28. Qf2 Qd8 29. Qf6 Qe8 30. Qg7# 1-0

[Event "EOBCC 2020"]
[Site "Online"]
[Date "2020.12.18"]
[Round "2.154"]
[White "Starosta, Martyna"]
[Black "Maly, Alexey"]
[Result "1-0"]
[WhiteElo "2094"]
[BlackElo "2371"]
[PlyCount "59"]
[EventDate "2020.12.18"]
[EventType "tourn"]
[EventCountry "NET"]

1. e4 c6 2. d4 d5 3. Nc3 dxe4 4. Nxe4 Bf5 5. Ng3 Bg6 6. h4 h6 7. Nf3 Nd7 8. h5 Bh7 9. Bd3 Bxd3 10. Qxd3 e6 11. Bd2 Ngf6 12. O-O-O Be7 13. Nf1 O-O 14. Ne3 c5 15. g4 cxd4 16. Qxd4 Rc8 17. g5 hxg5 18. h6 g6 19. Ng4 Nc5 20. Bxg5 Qxd4 21. Rxd4 e5 22. Bxf6 Bxf6 23. Nxf6+ Kh8 24. Nxe5 Rc7 25. Rhd1 Ne6 26. Rd7 Rxd7 27. Rxd7 Ng5 28. f4 Nh7 29. Nxg6+ fxg6 30. Rxh7# 1-0

[Event "EOBCC 2020"]
[Site "Online"]
[Date "2020.12.18"]
[Round "2.155"]
[White "Goraj, Barbara"]
[Black "Mroziak, Maciej"]
[Result "0-1"]
[WhiteElo "2078"]
[BlackElo "2369"]
[PlyCount "82"]
[EventDate "2020.12.18"]
[EventType "tourn"]
[EventCountry "NET"]

1. e4 e6 2. d4 d5 3. Nd2 Nf6 4. e5 Nfd7 5. Bd3 c5 6. c3 Nc6 7. Ne2 cxd4 8. cxd4 f6 9. exf6 Nxf6 10. Nf3 Bd6 11. O-O O-O 12. Bf4 Bxf4 13. Nxf4 Ne4 14. Ne2 Rxf3 15. gxf3 Ng5 16. Ng3 Nxd4 17. Be2 e5 18. f4 Nh3+ 19. Kh1 Nxf4 20. Bf3 Qf6 21. Bg2 Nxg2 22. Kxg2 Be6 23. Rc1 Rf8 24. Rc7 g6 25. Rxb7 h5 26. Rxa7 h4 27. b4 hxg3 28. fxg3 Qxf1+ 29. Qxf1 Bh3+ 30. Kxh3 Rxf1 31. Rd7 e4 32. Rxd5 e3 33. Rxd4 e2 34. Re4 e1=Q 35. Rxe1 Rxe1 36. Kg4 Rb1 37. Kg5 Kf7 38. Kh6 Rxb4 39. h4 Rg4 40. a4 Rxa4 41. Kh7 Rg4 0-1

[Event "EOBCC 2020"]
[Site "Online"]
[Date "2020.12.18"]
[Round "2.156"]
[White "Krastev, Alexander"]
[Black "Hertlein, Irena"]
[Result "1-0"]
[WhiteElo "2367"]
[BlackElo "1893"]
[PlyCount "65"]
[EventDate "2020.12.18"]
[EventType "tourn"]
[EventCountry "NET"]

1. e4 c5 2. Nf3 Nc6 3. Bb5 g6 4. Bxc6 dxc6 5. h3 Bg7 6. d3 e5 7. Be3 b6 8. Nbd2 Ne7 9. O-O O-O 10. a4 a5 11. Nc4 Qc7 12. b4 axb4 13. a5 bxa5 14. Bxc5 Be6 15. Ra4 Rfd8 16. Qa1 Bxc4 17. dxc4 Qb7 18. Qa2 Rdb8 19. Rxa5 Rxa5 20. Qxa5 Nc8 21. Rb1 Bf8 22. Bxf8 Kxf8 23. Qxe5 Kg8 24. c5 Na7 25. Nd4 Rd8 26. c3 Nb5 27. Rxb4 Qa6 28. Nxb5 cxb5 29. Rd4 Qa1+ 30. Kh2 Ra8 31. c6 Qa6 32. c7 Rc8 33. Rd8+ 1-0

[Event "EOBCC 2020"]
[Site "Online"]
[Date "2020.12.18"]
[Round "2.157"]
[White "Klim, Filip"]
[Black "Villegas, Pierre"]
[Result "0-1"]
[WhiteElo "1897"]
[BlackElo "2367"]
[PlyCount "106"]
[EventDate "2020.12.18"]
[EventType "tourn"]
[EventCountry "NET"]

1. e4 c6 2. d4 d5 3. Nc3 b5 4. exd5 b4 5. Ne4 cxd5 6. Bb5+ Bd7 7. Bxd7+ Nxd7 8. Ng3 e6 9. Nf3 Ngf6 10. O-O Be7 11. Re1 O-O 12. Bf4 Qb6 13. Nf5 Bd8 14. Ne3 Ne4 15. h3 Be7 16. Qd3 Rfc8 17. Nd2 Nxd2 18. Qxd2 Bf6 19. Rad1 Rc6 20. Ng4 Rac8 21. Nxf6+ Nxf6 22. Rc1 Qb5 23. Qe2 Qa4 24. c3 bxc3 25. bxc3 Ne4 26. Qc2 Qxc2 27. Rxc2 Rxc3 28. Rxc3 Nxc3 29. a3 Rc4 30. Be3 h6 31. Kf1 Nb5 32. Ke2 Nxa3 33. Ra1 Nb5 34. Ra5 Nxd4+ 35. Bxd4 Rxd4 36. Rxa7 g5 37. Ke3 Rb4 38. Ra8+ Kg7 39. Ra7 h5 40. g3 h4 41. g4 Kg6 42. f3 e5 43. Ra5 Rb3+ 44. Ke2 e4 45. fxe4 dxe4 46. Ra6+ f6 47. Re6 Rxh3 48. Rxe4 Rg3 49. Kf2 Rc3 50. Kg2 Rc2+ 51. Kf3 Rc1 52. Ra4 Rf1+ 53. Kg2 Rf4 0-1